| 000 | 00682nam a22002297a 4500 | ||
|---|---|---|---|
| 999 |
_c14285 _d14285 |
||
| 003 | AR-CdUCM | ||
| 008 | 190422b ||||| |||| 00| 0 spa d | ||
| 040 |
_aMUNICIPALIDAD PROVINCIAL DEL CUSCO _cBIBLIOTECA MUNICIPAL DEL CUSCO |
||
| 082 |
_a869.5 / _bM86 |
||
| 100 |
_aMoreno Jimeno, Manuel _915054 |
||
| 245 | _aHermoso fuego / | ||
| 260 |
_aLima : _bTalleres gráficos Villanueva, _c1954. |
||
| 300 |
_a23 paginas ; _bIlustraciones _c35 cm. |
||
| 500 | _aDedicatoria | ||
| 505 | _aContenido : Poemas | ||
| 650 |
_aPoemas _9315 |
||
| 650 |
_aEnsayos _9375 |
||
| 650 |
_aLiteratura _983 |
||
| 650 |
_aHermoso fuego _933010 |
||
| 942 |
_2ddc _cLIBROS |
||
| 945 |
_awnts _d2019-04-22 |
||